000 01171nam0a2200325 4500
001 RU\NLR\bibl\489905
005 20250623194933.0
010 _a5-94038-048-4
_93000
021 _aRU
_b2004-1608
_987
021 _aRU
_b2004-30776
_91549
035 _a(NLR Aleph) 000482581
090 _a1063151
_c1063151
100 _a20040212d2004 |||y0rusy50 ca
101 0 _arus
102 _aRU
105 _aa |||||||||
200 1 _aТяжелый истребитель танков Ягдтигр
_e[Sd Kfz 186]
_fМ. Свирин
210 _aМ.
_cЭкспринт
_d2004
215 _a39 с., [1] л. ил.
_cил.
_d25
225 1 _aСерия "Экспринт: Бронетанковый фонд"
313 _aПротивотанковая самоходная установка
606 0 _a"Ягдтигр", противотанковые самоходные установки
_92322248
_3RU\NLR\auth\661389234
686 _aЦ531.12
700 1 _aСвирин
_bМ.
_gМихаил
_4070
801 0 _aRU
_bNLR
_c20040212
_gPSBO
801 1 _aRU
_bNLR
_c20040212
830 _aАвт. по кн.
942 _cBOOK
980 _aNB